Quizz: Joueurs Niveau Difficile - Statistics

General Stats
  • This quiz has been taken 94 times
  • The average score is 9 of 16
Answer Stats
Picture Answer % Correct
Yamal
96%
Samba
82%
Baldé
81%
Greenwood
80%
Fofana
73%
Tel
70%
Mitoma
65%
Savanier
61%
Joselu
57%
Anelka
53%
Kudus
52%
Gomes
45%
Demiral
25%
El Khannouss
18%
Beka Beka
13%
Miura
8%
No matching quizzes found
Score Distribution
Percent of People with Each Score
Percentile by Number Answered
Your Score History
You have not taken this quiz